00285 a2200109 4500001000700000020000600007040001100013100001300024240006700037245006200104362000900166170630 a  cMagnum aSagarana10aTurismo e cultura em minas gerais: pelos caminhos do ourolpor10aTurismo e cultura em minas gerais: pelos caminhos do ouro0 a1899